<?xml version="1.0" encoding="UTF-8"?>
<record
    xmlns:xsi="http://www.w3.org/2001/XMLSchema-instance"
    xsi:schemaLocation="http://www.loc.gov/MARC21/slim http://www.loc.gov/standards/marcxml/schema/MARC21slim.xsd"
    xmlns="http://www.loc.gov/MARC21/slim">

  <leader>00502    a2200145   4500</leader>
  <controlfield tag="005">20250609133344.0</controlfield>
  <datafield tag="020" ind1=" " ind2=" ">
    <subfield code="a">0-87967-606-X</subfield>
  </datafield>
  <datafield tag="082" ind1=" " ind2=" ">
    <subfield code="a">REF 330.03 WAG</subfield>
  </datafield>
  <datafield tag="245" ind1=" " ind2=" ">
    <subfield code="a">The Encyclopedic Dictionary Of Economics</subfield>
  </datafield>
  <datafield tag="250" ind1=" " ind2=" ">
    <subfield code="a">3rd Ed.</subfield>
  </datafield>
  <datafield tag="260" ind1=" " ind2=" ">
    <subfield code="a">New York,</subfield>
    <subfield code="b">The Dushkin Publishing Group Inc, </subfield>
    <subfield code="c">1986.</subfield>
  </datafield>
  <datafield tag="300" ind1=" " ind2=" ">
    <subfield code="a">ix, 267p.: ill.; graph, map, picture.</subfield>
    <subfield code="b">Bibliographies.</subfield>
    <subfield code="c">24cm.</subfield>
  </datafield>
  <datafield tag="700" ind1=" " ind2=" ">
    <subfield code="a">WAGONER, W. D,  JEFFRESS, P. W,  JOHSON, M. S,  McClain, J. J,  RYAN, T. &amp; WHITNEY, G. A.</subfield>
  </datafield>
  <datafield tag="942" ind1=" " ind2=" ">
    <subfield code="2">ddc</subfield>
    <subfield code="c">BKS</subfield>
  </datafield>
  <datafield tag="999" ind1=" " ind2=" ">
    <subfield code="c">3526</subfield>
    <subfield code="d">3526</subfield>
  </datafield>
  <datafield tag="952" ind1=" " ind2=" ">
    <subfield code="r">2025-06-09 13:33:03</subfield>
    <subfield code="l">0</subfield>
    <subfield code="o">REF 330.03 WAG</subfield>
    <subfield code="p">00000011727</subfield>
    <subfield code="v">30000.00</subfield>
    <subfield code="w">2025-06-09</subfield>
    <subfield code="y">BKS</subfield>
    <subfield code="1">0</subfield>
    <subfield code="2">ddc</subfield>
    <subfield code="4">0</subfield>
    <subfield code="7">0</subfield>
    <subfield code="0">0</subfield>
    <subfield code="a">CBEML</subfield>
    <subfield code="b">CBEML</subfield>
    <subfield code="c">REF</subfield>
    <subfield code="d">1995-03-01</subfield>
    <subfield code="g">10000.00</subfield>
  </datafield>
</record>
